Why history matters /

Dades bibliogràfiques
Autor principal: Tosh, John
Format: Llibre
Idioma:English
Publicat: Houndmills, Basingstoke, Hampshire ; New York : Palgrave Macmillan, 2008.
Matèries:
Classic Catalogue: View this record in Classic Catalogue
LEADER 01157nam a2200265 a 4500
001 0017770
003 BD-DhAAL
008 090726s2008 enk b 001 0 eng d
010 |a  2008020592 
020 |a 9780230521483 (pbk. : alk. paper) 
020 |a 0230521487 (pbk. : alk. paper) 
040 |a DLC  |c DLC  |d DLC  |b BD-DhAAL 
082 0 0 |a 900  |2 22 
100 1 |a Tosh, John.  |9 58265 
245 1 0 |a Why history matters /  |c John Tosh. 
260 |a Houndmills, Basingstoke, Hampshire ;  |a New York :  |b Palgrave Macmillan,  |c 2008. 
300 |a xi, 173 p. ;  |c 20 cm 
504 |a Includes bibliographical references (pages[160]-164) and index. 
526 |a ENH  |x Sohana Manzoor Faculty Member of BRAC University Course No. : HUM 101 
541 1 |e 00017770  |a Karim International 
650 0 |a Public history. 
852 4 |a Ayesha Abed Library   |j General Stacks 
942 |2 ddc  |c BK 
999 |c 2863  |d 2863 
952 |0 0  |1 0  |2 ddc  |4 0  |6 900_TOS  |7 0  |9 2612  |a BRACUL  |b BRACUL  |c GEN  |d 2008-11-29  |e Karim International  |g 974.00  |l 4  |m 58  |o 900 TOS  |p 3010017770  |r 2019-05-13  |s 2018-09-26  |t 1  |w 2009-07-27  |y BK  |x Requisitioned by Sohana Manzoor (Faculty member of BRAC University) for the course no. : HUM 101.